[Event "Challenge"]
[Site "http://www.queenalice.com/game.php?id=828341"]
[Date "2010.9.5"]
[Round "-"]
[White "diablero"]
[Black "Canaye"]
[Result "1-0"]
[WhiteElo "1959"]
[BlackElo "1968"]

1. d4 e6 2. e4 d5 3. Nc3 dxe4 4. Nxe4 Nd7 5. Nf3 Ngf6 6. Nxf6+ Nxf6 7. Bd3 Bd6
8. Bg5 c6 9. O-O h6 10. Be3 Qc7 11. c4 Ng4 12. g3 Nxe3 13. fxe3 h5 14. c5 Bxg3
15. hxg3 Qxg3+ 16. Kh1 Qh3+ 17. Nh2 Qxe3 18. Qf3 Qxf3+ 19. Rxf3 Ke7 20. Rg1 g6
21. Rf4 Bd7 22. Nf3 Raf8 23. Ne5 Be8 24. Be4 Rhg8 25. Rf3 Bd7 26. Bxg6 fxg6 27.
Rxf8 Rxf8 28. Nxg6+ Ke8 29. Nxf8 Kxf8 30. Kh2 b6 31. b4 bxc5 32. dxc5 Ke7 33. a4
Kf6 34. Rg8 e5 35. Ra8 e4 36. Rxa7 e3 37. Kg2 e2 38. Kf2 Bg4 39. b5 cxb5 40.
axb5 h4 41. Ra4 Kg5 42. Rxg4+ Kxg4 43. Kxe2 Kg3 44. Kf1 1-0

[Event "AUTO-ADV-1759"]
[Site "http://www.queenalice.com/game.php?id=836565"]
[Date "2010.9.22"]
[Round "3"]
[White "faresjo"]
[Black "diablero"]
[Result "0-1"]
[WhiteElo "2075"]
[BlackElo "1938"]

1. e4 e6 2. c4 d5 3. cxd5 exd5 4. e5 c5 5. d4 cxd4 6. Qxd4 Nc6 7. Bb5 Ne7 8. Nc3
a6 9. Bxc6+ Nxc6 10. Qa4 Bd7 11. Qb3 d4 12. Ne4 Nxe5 13. Bf4 Be6 14. Qg3 Bb4+
15. Kd1 Ng6 16. Bg5 f6 17. Bf4 Qd5 18. f3 Nxf4 19. Qxg7 O-O-O 20. Rc1+ Bc3 21.
Qxf6 Nd3 22. Rc2 Nxb2+ 0-1

[Event "AUTO-ADV-1759"]
[Site "http://www.queenalice.com/game.php?id=836566"]
[Date "2010.9.22"]
[Round "3"]
[White "diablero"]
[Black "faresjo"]
[Result "1/2-1/2"]
[WhiteElo "1973"]
[BlackElo "2064"]

1. e4 c5 2. Nf3 d6 3. d4 cxd4 4. Nxd4 Nf6 5. Nc3 g6 6. Be3 Bg7 7. f3 O-O 8. Qd2
Nc6 9. Bc4 Bd7 10. O-O-O Rc8 11. Bb3 Re8 12. Nxc6 Bxc6 13. Ne2 a5 14. Nd4 b5 15.
Nxc6 Rxc6 16. a4 b4 17. e5 Nd7 18. Bxf7+ Kxf7 19. Qd5+ Kf8 20. Qxc6 Nxe5 21. Qd5
Qc7 22. Rhe1 Nc4 23. Bd4 Bh6+ 24. Kb1 Rc8 25. Ka2 e5 26. b3 Ne3 27. Bxe3 Qxc2+
28. Ka1 Qc3+ 1/2-1/2

[Event "Battle of ROMA"]
[Site "http://www.queenalice.com/game.php?id=840312"]
[Date "2010.10.1"]
[Round "-"]
[White "uracile"]
[Black "diablero"]
[Result "1-0"]
[WhiteElo "2219"]
[BlackElo "1996"]

1. e4 e6 2. Nc3 d5 3. Nf3 Nf6 4. e5 Nfd7 5. d4 c5 6. Nb5 Nc6 7. c3 a6 8. Nd6+
Bxd6 9. exd6 cxd4 10. Nxd4 Nf6 11. Nxc6 bxc6 12. Bf4 Ne4 13. Qa4 Qb6 14. Be3 Qb7
15. Bd3 Nxd6 16. Bc5 Qc7 17. Qf4 Nb5 18. Qh4 Qe5+ 19. Kf1 Qc7 20. a4 Na7 21. Re1
f6 22. g4 Qf4 23. Qh5+ Kd8 24. Bb6+ Ke7 25. Rg1 Bd7 26. Bc5+ Kd8 27. Qf7 Qxa4
28. Bb6+ Kc8 29. Qxg7 Re8 30. g5 1-0

[Event "Battle of VERONA"]
[Site "http://www.queenalice.com/game.php?id=840315"]
[Date "2010.10.1"]
[Round "-"]
[White "diablero"]
[Black "uracile"]
[Result "0-1"]
[WhiteElo "2004"]
[BlackElo "2197"]

1. e4 e5 2. Nf3 Nc6 3. Bb5 Nf6 4. O-O Bd6 5. d4 Qe7 6. d5 a6 7. Bd3 Nb4 8. Nc3
Nxd3 9. Qxd3 b6 10. Nh4 g6 11. Bg5 h6 12. Be3 Ng4 13. Nf3 Nxe3 14. Qxe3 Bb7 15.
Nd2 Bc5 16. Qd3 b5 17. Nb3 Bb6 18. Rad1 d6 19. a4 O-O 20. axb5 axb5 21. Nxb5 Ba6
22. Ra1 Qh4 23. Na5 Bxb5 24. Qxb5 Rfb8 25. g3 Qg4 26. Qd3 Bxa5 0-1

[Event "Please only french defence!"]
[Site "http://www.queenalice.com/game.php?id=840355"]
[Date "2010.10.1"]
[Round "-"]
[White "feliz70"]
[Black "diablero"]
[Result "1-0"]
[WhiteElo "2152"]
[BlackElo "1982"]

1. d4 e6 2. c4 Bb4+ 3. Bd2 a5 4. Nf3 Nf6 5. g3 d5 6. Qc2 O-O 7. Bg2 Bd7 8. O-O
Re8 9. a3 Be7 10. Ne5 c5 11. dxc5 Bxc5 12. Nc3 Qc7 13. Bf4 Nh5 14. Nxd7 Qxd7 15.
Bxb8 Raxb8 16. cxd5 Nf6 17. Rfd1 Rbc8 18. e3 e5 19. Rac1 Nxd5 20. Bxd5 Qe7 21.
Ne4 Ba7 22. Qxc8 1-0

[Event "Don't mind it!"]
[Site "http://www.queenalice.com/game.php?id=841050"]
[Date "2010.10.2"]
[Round "-"]
[White "diablero"]
[Black "constantin"]
[Result "1-0"]
[WhiteElo "1995"]
[BlackElo "1675"]

1. d4 d5 2. c4 e6 3. Nc3 Bb4 4. Nf3 Bxc3+ 5. bxc3 h6 6. Ba3 Nc6 7. Qc2 Nf6 8. e3
Ne4 9. Bd3 Nf6 10. O-O b6 11. Rfe1 Bb7 12. Rab1 Na5 13. c5 Bc6 14. Ne5 Bb7 15.
cxb6 axb6 16. Bb5+ c6 17. Bd3 b5 18. Bg6 Rf8 19. Bxf8 Kxf8 20. Bxf7 Ne4 21. f3
Ng5 22. Qg6 Qe7 23. Bxe6 Qxe6 24. h4 Nxf3+ 25. gxf3 Qxg6+ 26. Nxg6+ Kf7 27. Ne5+
Ke6 28. Nd3 Nc4 29. Nc5+ Kf7 30. Nxb7 Na3 31. Rbc1 Nc4 32. e4 Rxa2 33. e5 Nd2
34. e6+ Ke7 35. Re2 Nxf3+ 36. Kf2 Rxe2+ 37. Kxe2 Nxh4 38. Nc5 Ng6 39. Rg1 Nf4+
40. Kf3 g5 41. Kg4 Ne2 42. Rh1 Nxc3 43. Rxh6 Ne2 44. Rh7+ Ke8 45. e7 Nxd4 46.
Kxg5 b4 47. Kf6 1-0

[Event "Challenge"]
[Site "http://www.queenalice.com/game.php?id=842589"]
[Date "2010.10.6"]
[Round "-"]
[White "diablero"]
[Black "feliz70"]
[Result "0-1"]
[WhiteElo "1980"]
[BlackElo "2201"]

1. d4 d5 2. c4 e5 3. dxe5 d4 4. Nf3 Nc6 5. Nbd2 Qe7 6. Nb3 Bg4 7. Nbxd4 Rd8 8.
e3 Bxf3 9. Qxf3 Qb4+ 10. Bd2 Qxb2 11. Rd1 Bb4 12. Nb3 Nxe5 13. Qxb7 Bxd2+ 14.
Rxd2 Rxd2 15. Qxc7 Rd8 16. f4 Ng4 0-1

[Event "Let's Play Chess!"]
[Site "http://www.queenalice.com/game.php?id=843511"]
[Date "2010.10.10"]
[Round "-"]
[White "KublaPawn"]
[Black "diablero"]
[Result "1/2-1/2"]
[WhiteElo "2176"]
[BlackElo "1981"]

1. d4 Nf6 2. Nf3 e6 3. e3 b6 4. Bd3 Bb7 5. O-O Be7 6. c4 O-O 7. Nc3 d5 8. cxd5
exd5 9. b3 Ne4 10. Qc2 f5 11. Ne5 c5 12. f4 cxd4 13. exd4 Nd7 14. Bb2 Rc8 15.
Bxe4 dxe4 16. Qe2 Nxe5 17. dxe5 Qd4+ 18. Kh1 Rxc3 19. Rac1 Rfc8 20. Rfd1 Qb4 21.
Bxc3 Rxc3 22. Rxc3 Qxc3 23. Qb5 Bc6 24. Qa6 Qc2 25. Qc8+ Kf7 26. Qxf5+ Ke8
1/2-1/2

[Event "Only French Defence, Please!"]
[Site "http://www.queenalice.com/game.php?id=848483"]
[Date "2010.10.20"]
[Round "-"]
[White "diablero"]
[Black "kinghenry"]
[Result "1-0"]
[WhiteElo "1990"]
[BlackElo "1702"]

1. e4 b6 2. d4 Bb7 3. Bd3 e6 4. Nf3 h6 5. O-O Bd6 6. Nbd2 a6 7. Nc4 Be7 8. Bd2
b5 9. Na5 Qc8 10. Ne5 d6 11. Ng4 Nc6 12. Nxb7 Qxb7 13. d5 exd5 14. exd5 Ne5 15.
Nxe5 dxe5 16. Re1 Qxd5 17. Be4 Qd8 18. Bxa8 Qxa8 19. Rxe5 Nf6 20. Bb4 Ng8 21.
Bxe7 Nxe7 22. Qe2 Qd8 23. Re1 O-O 24. Rxe7 Qd5 25. Re8 Rxe8 26. Qxe8+ Kh7 27.
Qe4+ Qxe4 28. Rxe4 c5 29. Re7 f6 30. Ra7 b4 31. Rxa6 Kg6 32. Rc6 Kf5 33. Rxc5+
Ke4 34. c3 bxc3 35. Rxc3 Kd4 36. Rc8 Kd3 37. b4 f5 38. b5 g6 39. b6 1-0

[Event "Only French Defence, Please!"]
[Site "http://www.queenalice.com/game.php?id=848484"]
[Date "2010.10.21"]
[Round "-"]
[White "rocha"]
[Black "diablero"]
[Result "0-1"]
[WhiteElo "1731"]
[BlackElo "1984"]

1. e4 e6 2. a3 d5 3. Nc3 d4 4. Nce2 e5 5. Ng3 Ne7 6. Bd3 Ng6 7. Nh5 Qg5 8. g3
Bg4 9. h4 Qxh5 10. f3 Be6 11. Be2 d3 12. Bxd3 Nc6 13. c3 Be7 14. g4 Bxh4+ 15.
Kf1 Qg5 16. Nh3 Qf6 17. Be2 O-O 18. d3 Bxg4 19. f4 Bxh3+ 20. Rxh3 Nxf4 21. Bxf4
Qxf4+ 22. Bf3 Rad8 23. Ke2 f5 24. Qf1 Bg5 25. Qd1 Qe3+ 26. Kf1 fxe4 27. Qb3+ Kh8
28. Qd1 Rxf3+ 29. Rxf3 Qxf3+ 30. Qxf3 exf3 31. Rd1 e4 32. d4 e3 33. Kg1 e2 0-1

[Event "Only French Defence, Please!"]
[Site "http://www.queenalice.com/game.php?id=848485"]
[Date "2010.10.21"]
[Round "-"]
[White "diablero"]
[Black "mike52"]
[Result "1-0"]
[WhiteElo "1989"]
[BlackElo "1348"]

1. e4 e5 2. f4 exf4 3. Nf3 a6 4. d4 d6 5. Bxf4 h6 6. Nc3 Be6 7. d5 Bg4 8. Be2
Bxf3 9. Bxf3 b5 10. O-O g5 11. Bg3 Nd7 12. Qd4 Ngf6 13. Rae1 Rg8 14. e5 Nxe5 15.
Bxe5 dxe5 16. Qxe5+ Be7 17. Qxf6 Rg6 18. Qh8+ Kd7 19. Bg4+ Kd6 20. Qe5+ Kc5 21.
Qe3+ Kb4 22. a3+ Kc4 23. Be2# 1-0

[Event "Let's Play Chess!"]
[Site "http://www.queenalice.com/game.php?id=848603"]
[Date "2010.10.20"]
[Round "-"]
[White "diablero"]
[Black "Mikejr"]
[Result "0-1"]
[WhiteElo "1998"]
[BlackElo "1779"]

1. e4 d5 2. e5 d4 3. Nf3 Nd7 4. Bc4 e6 5. c3 c5 6. cxd4 Nb6 7. Bb5+ Bd7 8. Bxd7+
Qxd7 9. dxc5 Bxc5 10. d4 Be7 11. Nc3 Bb4 12. Qb3 Nd5 13. O-O Nge7 14. Bd2 O-O
15. Nxd5 Bxd2 16. Nxe7+ Qxe7 17. Nxd2 Rfd8 18. Nf3 h6 19. Rfd1 Rac8 20. d5 Rxd5
21. Rxd5 exd5 22. Qxd5 Rc5 23. Qd4 Qc7 24. Rd1 Rc1 25. h3 Qc2 26. Rxc1 Qxc1+ 27.
Kh2 Qc7 28. Qxa7 f6 29. Qd4 g5 30. g4 Kg7 31. h4 Kf7 32. hxg5 fxe5 33. Nxe5+ Ke6
34. f4 hxg5 35. Kg3 gxf4+ 36. Kxf4 Qc1+ 0-1

[Event "Let's Play Chess!"]
[Site "http://www.queenalice.com/game.php?id=848605"]
[Date "2010.10.20"]
[Round "-"]
[White "arkadiusz42"]
[Black "diablero"]
[Result "0-1"]
[WhiteElo "1533"]
[BlackElo "1981"]

1. e4 e6 2. b3 d5 3. Nc3 d4 4. Nce2 e5 5. d3 Nf6 6. f3 Bb4+ 7. Bd2 Nc6 8. a3
Bxd2+ 9. Qxd2 O-O 10. f4 Ng4 11. f5 g6 12. h3 Ne3 13. c3 Na5 14. Rb1 c5 15. b4
Nac4 16. Qc1 Nxa3 17. Rb2 gxf5 18. h4 fxe4 19. cxd4 cxd4 20. Ra2 exd3 21. Ng3
Nac2+ 22. Kd2 Nxb4 23. Ra4 Qb6 24. Nf5 Bxf5 25. Nf3 Rac8 26. Qa1 Rc2+ 27. Ke1
Qh6 28. Rxb4 d2+ 29. Nxd2 Nxg2+ 30. Kf2 Rxd2+ 31. Be2 Qe3+ 32. Kf1 Qxe2+ 33. Kg1
Qf2+ 34. Kh2 Nxh4# 0-1

[Event "AUTO-MASTER-1250"]
[Site "http://www.queenalice.com/game.php?id=848630"]
[Date "2010.10.20"]
[Round "1"]
[White "jpolgar99"]
[Black "diablero"]
[Result "0-1"]
[WhiteElo "1872"]
[BlackElo "1983"]

1. e4 e6 2. d4 d5 3. Nc3 Bb4 4. e5 c5 5. a3 Bxc3+ 6. bxc3 Ne7 7. f4 Nbc6 8. Nf3
Bd7 9. Be2 Qb6 10. O-O Nf5 11. g4 Nfe7 12. Qe1 cxd4 13. cxd4 Nxd4 14. Be3 Nxf3+
15. Bxf3 Qa6 16. Be2 Bb5 17. Bxb5+ Qxb5 18. Rb1 Qc6 19. c3 O-O 20. Qd2 f5 21. g5
Ng6 22. Qf2 b6 23. h4 Qxc3 24. h5 Nh4 25. Bxb6 axb6 26. Qxh4 Rxa3 27. Rxb6 Qe3+
28. Qf2 Qh3 29. Rb2 Qg4+ 30. Kh1 Rh3+ 31. Qh2 Rxh2+ 32. Kxh2 Rc8 33. Rg2 Qxh5+
34. Kg1 Qh3 35. Rh2 Qe3+ 36. Rff2 Rc1+ 37. Kg2 Qe4+ 38. Kg3 Rc3+ 39. Kh4 Qe3 40.
g6 Qg3+ 0-1

[Event "AUTO-MASTER-1250"]
[Site "http://www.queenalice.com/game.php?id=848631"]
[Date "2010.10.20"]
[Round "1"]
[White "diablero"]
[Black "jpolgar99"]
[Result "1-0"]
[WhiteElo "1994"]
[BlackElo "1854"]

1. d4 d5 2. c4 c6 3. Nc3 Nf6 4. Bg5 e6 5. e3 dxc4 6. Bxc4 Be7 7. Nf3 O-O 8. Qb3
Nbd7 9. O-O h6 10. Bf4 b6 11. Rac1 c5 12. Rfd1 Qe8 13. Nb5 Bd8 14. Nd6 Qe7 15.
Qb5 Bc7 16. Nxc8 Raxc8 17. Ne5 Ra8 18. Nc6 Qe8 19. Bxc7 a6 20. Qb3 b5 21. Bd6
bxc4 22. Qxc4 cxd4 23. Rxd4 Nb6 24. Qc5 Nbd7 25. Qa3 Nb6 26. Bxf8 Qxf8 27. Qxf8+
Kxf8 28. Ne5 Nfd5 29. Rc6 f6 30. Ng6+ Kf7 31. Nf4 Nxf4 32. exf4 Nd5 33. f5 h5
34. fxe6+ 1-0

[Event "AUTO-MASTER-1250"]
[Site "http://www.queenalice.com/game.php?id=848645"]
[Date "2010.10.20"]
[Round "1"]
[White "diablero"]
[Black "otsenrechess"]
[Result "0-1"]
[WhiteElo "1958"]
[BlackElo "2050"]

1. e4 e6 2. d4 d5 3. Nc3 dxe4 4. Nxe4 Nd7 5. Nf3 Ngf6 6. Bg5 Be7 7. Nxf6+ Bxf6
8. Qd2 h6 9. Bxf6 Nxf6 10. Bd3 b6 11. O-O O-O 12. c3 Bb7 13. Ne5 c5 0-1

[Event "AUTO-MASTER-1250"]
[Site "http://www.queenalice.com/game.php?id=848652"]
[Date "2010.10.20"]
[Round "1"]
[White "Donidon"]
[Black "diablero"]
[Result "1-0"]
[WhiteElo "2301"]
[BlackElo "1987"]

1. e4 e6 2. d4 d5 3. Nc3 Bb4 4. e5 c5 5. a3 Ba5 6. Bd2 Nc6 7. Nb5 Nxd4 8. Bxa5
Qxa5+ 9. b4 Qd8 10. Nxd4 cxd4 11. Qxd4 Ne7 12. Nf3 Nc6 13. Qf4 O-O 14. Bd3 f6
15. Qh4 h6 16. exf6 Qxf6 17. Qxf6 Rxf6 18. c4 Bd7 19. Rc1 Rc8 20. Kd2 d4 21. Be4
e5 22. Rce1 Be6 23. Bd5 a6 24. h4 b5 25. Bxc6 Rxc6 26. cxb5 Rc3 27. Rxe5 Bg4 28.
bxa6 Bxf3 29. gxf3 Rxa6 30. Ra1 Rxf3 31. a4 Rxf2+ 32. Kd3 Rd6 33. a5 Rf3+ 34.
Kd2 Rh3 35. a6 Rd8 36. a7 Ra8 37. Rb5 Rf3 38. Rb8+ Rf8 39. Rxa8 1-0

[Event "AUTO-MASTER-1250"]
[Site "http://www.queenalice.com/game.php?id=848653"]
[Date "2010.10.20"]
[Round "1"]
[White "diablero"]
[Black "Donidon"]
[Result "0-1"]
[WhiteElo "1991"]
[BlackElo "2303"]

1. e4 c5 2. Nf3 Nc6 3. d4 cxd4 4. Nxd4 d6 5. Nc3 g6 6. Bb5 Bd7 7. O-O Bg7 8. Be3
Nf6 9. f3 O-O 10. Qd2 Nxd4 11. Bxd4 Bxb5 12. Nxb5 a6 13. Nc3 Rc8 14. Rad1 Re8
15. f4 e5 16. fxe5 dxe5 17. Bf2 Qxd2 18. Rxd2 b5 19. Re1 b4 20. Nd5 Nxd5 21.
exd5 Red8 22. d6 Rd7 23. Bb6 f5 24. Bc7 e4 25. Rb1 Bf6 26. a3 Bg5 27. Rd4 Be3+
28. Kf1 Bxd4 0-1

[Event "Let's Play Chess!"]
[Site "http://www.queenalice.com/game.php?id=858569"]
[Date "2010.11.15"]
[Round "-"]
[White "boydelta"]
[Black "diablero"]
[Result "1-0"]
[WhiteElo "2188"]
[BlackElo "1989"]

1. e4 e6 2. d4 d5 3. exd5 exd5 4. Bd3 Bd6 5. Qe2+ Ne7 6. Nf3 O-O 7. O-O Nbc6 8.
Bg5 Bg4 9. c3 Qd7 10. Nbd2 Rfe8 11. Qd1 f6 12. Bh4 Nf5 13. Bg3 1-0